| 000 | 00747nam a2200241Ia 4500 | ||
|---|---|---|---|
| 005 | 20241129110122.0 | ||
| 008 | 241129s9999||||xx |||||||||||||| ||und|| | ||
| 020 | _a978-1-4408-5447-7 | ||
| 037 | _aTB | ||
| 040 |
_aARTS _beng _cARTS |
||
| 041 |
_aeng _2eng |
||
| 084 |
_a2:8 Q8(2D) _qARTS |
||
| 100 |
_aMoran Barbara B. Au.; Morner Claudia J. Au. _9727268 |
||
| 245 | 0 |
_aLibrary and information center management _cMoran Barbara B. Au.; Morner Claudia J. Au. |
|
| 250 | _a9th | ||
| 260 |
_aCalifornia, USA _bLibraries Unlimited _c2021 |
||
| 300 | _axiv,548p. | ||
| 365 |
_aUKP _b50 |
||
| 490 | _aLibrary and information science text series | ||
| 650 | _aLibrary Science | ||
| 942 |
_cTB _h2:8 Q8(2D) |
||
| 999 |
_c1227371 _d1227371 |
||